| 000 | 00853cab a22002175a 4500 | ||
|---|---|---|---|
| 001 | L139843 | ||
| 008 | 070814e20070810xxk f 000 0 eng d | ||
| 035 | _a(Sirsi) u139843 | ||
| 041 | 0 | _aeng | |
| 100 | 1 | _aWilkes, Max | |
| 245 | 0 | 0 |
_aMini-cost model _bnursing homes |
| 260 | _c2007 | ||
| 490 | 0 |
_aBuilding _v272(8492) 10 August 2007, 50-54(5) |
|
| 520 | _aLooks at the issues and costs involved in constructing residential care and nursing homes. Covers the Care Standards Act 2000, funding and procurement, design considerations, and extra-care options in independent living. Includes a cost model based on a two-storey extension to an existing nursing home. | ||
| 590 | _aKA | ||
| 650 | 2 | 4 | _aCARE STANDARDS ACT 2000 |
| 651 | 4 |
_aUnited Kingdom _y |
|
| 690 | _aBUILT ENVIRONMENT-BUILDING COSTS | ||
| 710 | 2 |
_aDavis Langdon _94649 |
|
| 942 | _n0 | ||
| 999 |
_c79103 _d79103 |
||